Obras completas / (Registro nro. 14286)

Detalles MARC
000 -LIDER
fixed length control field 01581nam a2200325 a 4500
001 - NÚMERO DE CONTROL
Identificador de número de control 000000429
003 - IDENTIFICACDOR DE NÚMERO DE CONTROL
control field DO-SdBNP
005 - DATE AND TIME OF LATEST TRANSACTION
control field 20220930121534.0
008 - ELEMENTOS DE LONGITUD FIJA
fixed length control field 081127s2002 dr a 000 f spa d
020 ## - ISBN
International Standard Book Number 9993488526
020 ## - ISBN
International Standard Book Number 9789993488521
040 ## - FUENTE DE CATALOGACIÓN
Agencia que crea de manera original el registro DO-SdBNP
Idioma de catalogación spa
Agencia que realiza la transcripción BPMSU
082 #4 - NÚMERO DE CLASIFICACIÓN DECIMAL DE DEWEY
Classification number RD863.44
Item number F363o 2002
Edition number 22
100 1# - ASIENTO PRINCIPAL -- NOMBRE PERSONAL
Nombre personal Fernández Simó, Alfredo,
Fechas asociadas con el nombre 1915-1991
245 10 - MENCIÓN DE TITULO
Título Obras completas /
Mención de responsabilidad Alfredo Fernández Simó ; edición Mario Suárez.
260 ## - PUBLICACIÓN, DISTRIBUCIÓN, ETC. (PIE DE IMPRENTA)
Lugar de publicación, distribución, etc Santo Domingo :
Nombre del editor, distribuidor, etc. Sociedad Dominicana de Bibliófilos,
Fecha de publicación, distribución, etc 2002.
300 ## - DESCRIPCIÓN FÍSICA
Extensión 560 p. :
Otros detalles físicos il. ;
Dimensiones 22 cm.
490 0# - MENCIÓN DE SERIES
Mención de serie Bibliófilos 2000,
Volume/sequential designation 6
500 ## - NOTA GENERAL
Materiales especificados Incluye datos biográficos del autor en la solapa de la cubierta
500 ## - NOTA GENERAL
Materiales especificados Incluye referencias bibliográficas y notas al pie de las páginas
500 ## - NOTA GENERAL
Nota general Incluye referencias bibliográficas y notas al pie de las páginas
505 0# - NOTA DE CONTENIDO
Texto normalizado de contenido Introducción -- Realidad y ficción en la novelística de Alfredo Fernández Simó -- Guazábara de Alfredo Fernández Simó. La novela criollista de la montonera -- Guazábara -- Frondas alucinantes de Alfredo Fernández Simó. La novela metafísica de la vivienda cósmica -- Frondas alucinantes -- Inti de Alfredo Fernández Simó. La selva en la conciencia cósmica -- Inti. Estampas del Perú -- El arte poético de Alfredo Fernández Simó -- Rumbo del sueño.
590 ## - NOTA LOCAL
Enlace Inventariado, 2022/VM
650 #4 - ENCABEZAMIENTO DE MATERIA--TEMÁTICO
Término temático o nombre geográfico como elemento de entrada Novela dominicana
Subdivisión de forma
650 #0 - ENCABEZAMIENTO DE MATERIA--TEMÁTICO
Término temático o nombre geográfico como elemento de entrada Poesía dominicana
650 #4 - ENCABEZAMIENTO DE MATERIA--TEMÁTICO
Término temático o nombre geográfico como elemento de entrada Literatura dominicana.
700 1# - ASIENTO SECUNDARIO -- NOMBRE PERSONAL
Nombre personal Suárez, Mario,
Mención de responsabilidad ed.
910 ## - VALIDACIÓN
Validación VMateo V./Validado
942 ## - ADDED ENTRY ELEMENTS (KOHA)
Source of classification or shelving scheme Dewey Decimal Classification
Koha item type Libros
Existencias
Withdrawn status Lost status Source of classification or shelving scheme Damaged status Not for loan Collection code Home library Current library Date acquired Full call number Barcode Date last seen Price effective from Koha item type
    Dewey Decimal Classification     Colección Dominicana Biblioteca Pública Metropolitana Salomé Ureña Biblioteca Pública Metropolitana Salomé Ureña 09/30/2022 BPMSU CD RD863.44 F363o 2002 BPMSU22090053 09/30/2022 09/30/2022 Libros